000
00307nam a2200109Ia 4500
008
200302s9999 xx 000 0 und d
100
_a
Hocine Bougdah and Stephen Sharples
245
_a
Environment, Technology and Sustainability
260
_b
Routledge Taylor & Francis Group
260
_c
2010
300
_a
303
999
_c
5816
_d
5816